| 000 -LEADER |
| fixed length control field |
00648pam a2200205 4500 |
| 020 ## - INTERNATIONAL STANDARD BOOK NUMBER |
| ISBN |
0471736155 |
| 040 ## - CATALOGING SOURCE |
| Transcribing agency |
DLC |
| 082 00 - DEWEY DECIMAL CLASSIFICATION NUMBER |
| Classification number |
574 WIL 1974 A080 Or. |
| 100 1# - MAIN ENTRY--AUTHOR NAME |
| Personal name |
Rosenberg, Norman J., |
| 245 10 - TITLE STATEMENT |
| Title |
Microclimate: the biological environment |
| 260 ## - PUBLICATION, DISTRIBUTION, ETC. (IMPRINT) |
| Place of publication |
New York, |
| Name of publisher |
Wiley |
| Year of publication |
[1974] |
| 300 ## - PHYSICAL DESCRIPTION |
| Number of Pages |
xi, 315 p. |
| Other physical details |
illus. |
| Dimensions |
23 cm. |
| 500 ## - GENERAL NOTE |
| General note |
"A Wiley-Interscience publication." |
| 650 #0 - SUBJECT ADDED ENTRY--TOPICAL TERM |
| Topical Term |
Microclimatology. |
| 650 #0 - SUBJECT ADDED ENTRY--TOPICAL TERM |
| Topical Term |
Meteorology, Agricultural. |
| 650 #2 - SUBJECT ADDED ENTRY--TOPICAL TERM |
| Topical Term |
Climate. |
| 856 42 - ELECTRONIC LOCATION AND ACCESS |
| Uniform Resource Identifier |
http://www.loc.gov/catdir/enhancements/fy0608/74008952-d.html |
| 856 41 - ELECTRONIC LOCATION AND ACCESS |
| Uniform Resource Identifier |
http://www.loc.gov/catdir/enhancements/fy0608/74008952-t.html |
| 942 ## - ADDED ENTRY ELEMENTS (KOHA) |
| Koha item type |
សៀវភៅភាសាអង់គ្លេស |
| 952 ## - LOCATION AND ITEM INFORMATION (KOHA) |
| Withdrawn status [LOCAL, KOHA] |
0 |